Международные отношения и внешняя политика стран Восточной Азии: учебное пособие для вузов

Detaylı Bibliyografya
Yazar: Шараев П. С. Павел Сергеевич
Müşterek Yazar: Национальный исследовательский Томский политехнический университет (ТПУ)
Özet:В пособии рассматриваются основные проблемы современных международных отношений и внешней политики стран Восточной Азии, включая Россию. Вниманию читателей предлагаются вопросы военной и экономической безопасности в регионе, политика ведущих государств, международные организации региона, принципы и основные направления внешней политики России в Восточной Азии. Предназначено для студентов-регионоведов дневной формы обучения и для всех интересующихся современной историей и внешней политикой государств Восточной Азии.
Dil:Rusça
Baskı/Yayın Bilgisi: Томск, Изд-во ТПУ, 2012
Konular:
Materyal Türü: MixedMaterials Kitap
KOHA link:https://koha.lib.tpu.ru/cgi-bin/koha/opac-detail.pl?biblionumber=232357

MARC

LEADER 00000nam0a2200000 4500
001 232357
005 20231101231150.0
035 |a (RuTPU)RU\TPU\book\253395 
090 |a 232357 
100 |a 20130212d2012 m y0rusy50 ca 
101 0 |a rus 
102 |a RU 
105 |a y j 001zy 
200 1 |a Международные отношения и внешняя политика стран Восточной Азии  |e учебное пособие для вузов  |f П. С. Шараев  |g Национальный исследовательский Томский политехнический университет (ТПУ) 
210 |a Томск  |c Изд-во ТПУ  |d 2012 
215 |a 81 с. 
320 |a Библиогр.: с. 67-69. 
330 |a В пособии рассматриваются основные проблемы современных международных отношений и внешней политики стран Восточной Азии, включая Россию. Вниманию читателей предлагаются вопросы военной и экономической безопасности в регионе, политика ведущих государств, международные организации региона, принципы и основные направления внешней политики России в Восточной Азии. Предназначено для студентов-регионоведов дневной формы обучения и для всех интересующихся современной историей и внешней политикой государств Восточной Азии. 
606 1 |a Внешняя политика стран Азии  |2 stltpush  |3 (RuTPU)RU\TPU\subj\69967  |9 84575 
610 1 |a международные отношения 
610 1 |a международное положение 
610 1 |a Восточная Азия 
610 1 |a Китай 
610 1 |a Япония 
610 1 |a Корея 
610 1 |a США 
610 1 |a Россия 
610 1 |a 21 век 
610 1 |a перспективы 
610 1 |a учебные пособия 
610 1 |a труды учёных ТПУ 
686 |a Ф4(5)я73  |v LBC/SL-A  |2 rubbk 
700 1 |a Шараев  |b П. С.  |c историк  |c доцент Томского политехнического университета, кандидат исторических наук  |f 1968-  |g Павел Сергеевич  |2 stltpush  |3 (RuTPU)RU\TPU\pers\26997 
712 0 2 |a Национальный исследовательский Томский политехнический университет (ТПУ)  |c (2009- )  |2 stltpush  |3 (RuTPU)RU\TPU\col\15902 
801 1 |a RU  |b 63413507  |c 20130212 
801 2 |a RU  |b 63413507  |c 20201117  |g RCR 
900 |a Международные отношения и внешняя политика Азиатско-Тихоокеанского региона 
942 |c BK